1707 1328 1504 1000 1423 1134 1364 1310 1648 1932 1076 1086 1013 1648 1949 1592 1173 1071 1617 1588 1095 1794 1999 1226 1501 1305 1332 1777 1424 1804 1946 1027 1315 1797 1171 1972 1108 1726 1869 1754 1110 1949 1451 1788 1148 1247 1988 1213 1373 1234 1395 1810 1972 1610 1488 1209 1422 1040 1883 1748 1420 1125 1268 1710 1348 1185 1150 1246 1531 1961 1219 1617 1328 1515 1486 1241 1257 1313 1705 1167 1967 1797 1348 1237 1900 1899 1368 1761 1173 1906 1539 1566 1514 1322 1903 1272 1844 1985 1113 BCNSPRNW ULIB Ver.6.0+V

เปลี่ยนเป็นภาษาไทย

Change to English
 แสดงรายละเอียดบรรณานุกรม
  กลับหน้าหลัก

Brief Record : Get Marc (ISO 2709) : E-mail record : QR code < ปิดหน้าต่าง
LEADER : 00000nam 2200000uu 4500
001    13399112546
003     ULIB
008    110824s2554||||th 000 0 tha d
020    9786165001304
090    นว.^bร147ค 2554
100 0  ร่มแก้ว
245 00 คุณชายปวรรุจ/^cร่มแก้ว
250    พิมพ์ครั้งที่ 4
260    กรุงเทพฯ :^bพิมพ์คำ,^c2554
300    328 หน้า
490 0  นวนิยายชุด สุภาพบุรุษจุฑาเทพ
945    ^p220^l0^i18515
995    กัณชพร
999    ^aใช้งานได้ทุกระบบ
รายการนี้ยังไม่มีแท็ก
คุณยังไม่ได้ล็อกอิน คุณสามารถมีกิจกรรมร่วมกับเว็บไซต์ได้ แต่ต้องล็อกอินก่อน ::
  ล็อกอิน

รายการสื่อสารสนเทศ

ลำดับที่ ประเภท เลขเรียก/บาร์โค้ด สถานที่ สถานะ
1. นวนิยาย
นวนิยาย
นว. ร147ค 2554  
  Barcode: 18515
ห้องสมุดวิทยาเขตสวรรค์ประชารักษ์
►นวนิยาย
บนชั้น
  ขอยืม

รายการใกล้เคียง
    ผู้แต่ง [ร่มแก้ว]

BibComment


ยังไม่เคยถูกคอมเมนท์

คอมเมนท์ทรัพยากรรายการนี้
  คอมเมนท์: คุณชายปวรรุจ ร่มแ..


 Copyright 2026. Bcnsprnw @Library